Les Plus Grandes Villes par Pays - Statistiques

Statistiques générales
  • Ce quiz a été pris 278 fois
  • Le résultat moyen est 17 sur 20
Statistiques - réponses
Pays Ville % Correct
Espagne Madrid
100%
France Paris
100%
Pays-Bas Amsterdam
99%
Allemagne Berlin
99%
Russie Moscou
99%
États-Unis New York
99%
Mexique Mexico
98%
Irlande Dublin
92%
Australie Sydney
92%
Turquie Istanbul
90%
Chine Shanghai
83%
Brésil São Paulo
82%
Maroc Casablanca
78%
Canada Toronto
78%
Inde Mumbai
74%
Indonésie Jakarta
72%
Afrique du Sud Johannesburg
72%
Iran Téhéran
68%
République Démocratique du Congo Kinshasa
64%
Pakistan Karachi
35%
Aucun quiz correspondant
Distribution des résultats
% des personnes avec chaque résultat
Percentile par nombre de réponses
Votre historique - résultats
Vous n’avez pas pris ce quiz